| 000 | 005550000a22002050004500 | ||
|---|---|---|---|
| 003 | LK-CoMWRAF | ||
| 008 | 230817t ||||| |||| 00| 0 eng d | ||
| 020 | _a1899988904 | ||
| 040 |
_aLK-CoMWRAF _dLK-CoMWRAF _eLK-CoMWRAF |
||
| 041 | _aeng | ||
| 082 |
_a800 _bELD |
||
| 100 | _aElder, Karen | ||
| 245 |
_aNeedlepoint : _bProjects,Techniques,Motifs |
||
| 260 |
_bQuadrille Publishing _aLondon _c1996 |
||
| 300 | _ap.112 | ||
| 490 | _aCountry Living Needlework Collection | ||
| 650 | _aTraining Materials | ||
| 700 |
_aTubbs,, Gabi _eed. |
||
| 942 | _cBK | ||
| 999 |
_c1282 _d1282 |
||